Ngô Tất Tố : Nhà văn hiện thực lớn

محفوظ في:
التفاصيل البيبلوغرافية
التنسيق: كتاب
اللغة:Undetermined
منشور في: Thành phố Hồ Chí Minh Trẻ 2005
الموضوعات:
الوسوم: إضافة وسم
لا توجد وسوم, كن أول من يضع وسما على هذه التسجيلة!
Thư viện lưu trữ: Trung tâm Học liệu Trường Đại học Cần Thơ
LEADER 00642nam a2200205Ia 4500
001 CTU_104140
008 210402s9999 xx 000 0 und d
020 |c 15000 
082 |a 807 
082 |b Ng450 
245 0 |a Ngô Tất Tố : 
245 0 |b Nhà văn hiện thực lớn 
245 0 |c Phong Lê (Biên soạn) 
260 |a Thành phố Hồ Chí Minh 
260 |b Trẻ 
260 |c 2005 
650 |a Vietnamese literature 
650 |x History and criticism 
904 |i Minh, Mai chuyển Cutter từ Ph431 thành Ng450 chưa in nhãn 
980 |a Trung tâm Học liệu Trường Đại học Cần Thơ